| 000 | 00904nam a2200241 a 4500 | ||
|---|---|---|---|
| 001 | 84345 | ||
| 003 | BD-RjUL | ||
| 005 | 20241121151520.0 | ||
| 008 | 241121s2023 bg a|||| m||| 00| 0 eng d | ||
| 035 | _a(BD-RjUL)84345 | ||
| 040 |
_aBD-RjUL _beng _cBD-RjUL _dBD-RjUL |
||
| 041 | _aeng | ||
| 082 |
_a551.5513 _223 _bWAN 2023 |
||
| 100 |
_aWhiduzzaman, Mohammad _914373 |
||
| 245 | 1 | 0 |
_aNumerical Prediction Cyclone Induced Strom Surge in Bangladesh / _cBy Mohammad Whiduzzaman ; _6Supervisor : Gour Chandra Paul |
| 260 |
_aRajshahi : _bDepartment of Mathematics, University of Rajshahi, _c2023 |
||
| 300 |
_axxiii, 199 Leaves : _bill, ; _c29 cm. |
||
| 502 | _aThesis (Ph. D.) -- Department of Mathematics, University of Rajshahi, 2023 | ||
| 504 | _aBibliography : Leaves 184-199 | ||
| 650 |
_aNumerical Prediction _vCyclone _914374 |
||
| 700 |
_aPaul, Gour Chandra, Supervisor _914375 |
||
| 942 |
_2ddc _cTHE |
||
| 999 |
_c84345 _d84345 |
||